CHIAN

Detalles Bibliográficos
Formato: eBook
Lenguaje:inglés
Publicado: [s.l] : Asianet Pakistan, 2013 -
Materias:
Acceso en línea:Acceso restringido

MARC

LEADER 00000nam a22000007a 4500
005 2013121701421.0
007 cr|||| ||||
008 131217c20139999tr |||| s|||| 0||| 1eng d
035 |a 11705 
040 |a vLex 
090 |c 4632  |d 4632 
245 0 0 |a CHIAN  |h [Recurso electrn̤ico]  
256 |a Servicio en ln̕ea 
260 |a [s.l] :  |b Asianet Pakistan,  |c 2013 - 
300 |a 1 recurso electrn̤ico 
310 |a Diaria 
506 1 |a Contenido solo disponible en los productos indicados  |d vLex Global  |d vLex Global (Academic Edition, excluding Law Schools)  |d vLex Global (U.S. Academic Edition, Law Schools)  |d vLex Global (U.S. Academic Edition, excluding Law Schools)  |d vLex Global (Academic Edition, Law Schools) 
650 0 4 |a Diarios  |z Turquia 
740 0 |a vLex Revistas (Servicio en ln̕ea) 
856 4 0 |u http://vlex.com/source/chian-11705/  |z Acceso restringido 
942 |c REV 
999 |a Newspapers -- Turkey